| 000 | 00678cam a22001815a 4500 | ||
|---|---|---|---|
| 001 | L149468 | ||
| 008 | 100308e20100306xxk 000 0 eng d | ||
| 035 | _a(Sirsi) u149468 | ||
| 041 | 0 | _aeng | |
| 245 | 0 | 0 |
_aBrand values _bwho is the winner? |
| 260 | _c2010 | ||
| 490 |
_aEstates Gazette _v(1009) 6 March 2010, 52-55(4) |
||
| 510 | 4 | _aAcritas's first national survey ranking commercial property agents according to the views of their clients. League tables include brand index top 10, developers top 10, investors' top 10, occupier's top 10. | |
| 590 | _aKA | ||
| 651 | 4 |
_aUnited Kingdom _y |
|
| 690 | _aPROPERTY-COMMERCIAL PROPERTY-COMMERCIAL PROPERTY AGENCY | ||
| 942 | _n0 | ||
| 999 |
_c82178 _d82178 |
||